000 01634cam a22004698i 4500
001 4527408
003 LIBRIS
005 20210420064046.0
008 011211s2000 xx |||||||||||000 0|eng|d
020 _a9780099283225
_qpocket
035 _a(BOKR)9780099283225
035 _a(Mo)b1723465
040 _aBOKR
_ei
_cDLC
041 _aeng
080 _a821.111
_bS-16
084 _aHe.01
_2kssb/8
084 _aKoaca
_2kssb/7
100 1 _aSaid, Kurban
_4aut
245 1 0 _aAli and nino
263 _a200010
264 1 _bVintage,
_c2000
300 _a240 sidor
_c19.8 cm
336 _atext
_btxt
_2rdacontent
337 _aunmediated
_bn
_2rdamedia
338 _avolume
_bnc
_2rdacarrier
340 _b19.8 cm
500 _5Mo
_aengelska
651 7 _aAzerbaijan
_xhistoria
_xroman
_2sao
653 _aინგლისური ლიტერატურა
655 4 _5Mo
_aBok
887 _a{"@id":"8rkbt81l08hs3wr","modified":"2018-10-03T13:41:13.552+02:00","checksum":"34677338224"}
_2librisxl
887 _a{"@id":"sx48dn0z5jpf5t4","modified":"2010-05-12T10:02:31+02:00","checksum":"30594286186"}
_2librisxl
887 _a{"@id":"8dkb71gf4mx4v8n","modified":"2016-08-22T10:58:32+02:00","checksum":"34546981906"}
_2librisxl
887 _a{"@id":"tz69mbk021df9b7","modified":"2016-11-29T12:13:42+01:00","checksum":"41957108257"}
_2librisxl
942 _2udc
_cBK
999 _c490
_d490